| 000 -LEADER |
| fixed length control field |
nam a22 a 4500 |
| 003 - CONTROL NUMBER IDENTIFIER |
| control field |
AKMAL |
| 005 - DATE AND TIME OF LATEST TRANSACTION |
| control field |
20170508145719.0 |
| 008 - FIXED-LENGTH DATA ELEMENTS--GENERAL INFORMATION |
| fixed length control field |
170508s1993 my e 000 0 eng d |
| 020 ## - INTERNATIONAL STANDARD BOOK NUMBER |
| International Standard Book Number |
9839962868 (pbk.) : |
| Terms of availability |
RM 8.00 |
| 039 #9 - LEVEL OF BIBLIOGRAPHIC CONTROL AND CODING DETAIL [OBSOLETE] |
| Level of rules in bibliographic description |
201107130854 |
| Level of effort used to assign nonsubject heading access points |
vithya |
| Level of effort used to assign subject headings |
201107120915 |
| Level of effort used to assign classification |
manoriah |
| Level of effort used to assign subject headings |
201107081626 |
| Level of effort used to assign classification |
norizan |
| Level of effort used to assign subject headings |
201107081625 |
| Level of effort used to assign classification |
norizan |
| 040 ## - CATALOGING SOURCE |
| Original cataloging agency |
AKMAL |
| 082 ## - DEWEY DECIMAL CLASSIFICATION NUMBER |
| Classification number |
297.44 ALA |
| 090 00 - LOCALLY ASSIGNED LC-TYPE CALL NUMBER (OCLC); LOCAL CALL NUMBER (RLIN) |
| Classification number (OCLC) (R) ; Classification number, CALL (RLIN) (NR) |
297.44 |
| Local cutter number (OCLC) ; Book number/undivided call number, CALL (RLIN) |
ALA |
| item location |
M |
| 090 20 - LOCALLY ASSIGNED LC-TYPE CALL NUMBER (OCLC); LOCAL CALL NUMBER (RLIN) |
| Classification number (OCLC) (R) ; Classification number, CALL (RLIN) (NR) |
297.44 |
| Local cutter number (OCLC) ; Book number/undivided call number, CALL (RLIN) |
ALA |
| item location |
D |
| 100 1# - MAIN ENTRY--PERSONAL NAME |
| Personal name |
al-Attas, Syed Muhammad Naquib, |
| Dates associated with a name |
1931- |
| 9 (RLIN) |
847 |
| 245 14 - TITLE STATEMENT |
| Title |
The meaning and experience of happiness in Islam / |
| Statement of responsibility, etc. |
Syed Muhammad Naquib Al-Attas |
| 260 ## - PUBLICATION, DISTRIBUTION, ETC. |
| Place of publication, distribution, etc. |
Kuala Lumpur : |
| Name of publisher, distributor, etc. |
International Institute of Islamic Thought And Civilization (ISTAC), |
| Date of publication, distribution, etc. |
1993 |
| 300 ## - PHYSICAL DESCRIPTION |
| Extent |
24p. ; |
| Dimensions |
21cm. |
| 599 ## - LOCAL NOTE |
| Local Note |
DALAM PROSES |
| 650 10 - SUBJECT ADDED ENTRY--TOPICAL TERM |
| Topical term or geographic name entry element |
Happiness |
| General subdivision |
Religious aspects |
| -- |
Islam |
| 9 (RLIN) |
2266 |
| 650 20 - SUBJECT ADDED ENTRY--TOPICAL TERM |
| Topical term or geographic name entry element |
Islamic ethics |
| 9 (RLIN) |
1621 |
| 650 20 - SUBJECT ADDED ENTRY--TOPICAL TERM |
| Topical term or geographic name entry element |
Islam |
| General subdivision |
Psychology |
| 9 (RLIN) |
1268 |
| 650 20 - SUBJECT ADDED ENTRY--TOPICAL TERM |
| Topical term or geographic name entry element |
Religious life |
| General subdivision |
Islam |
| 9 (RLIN) |
819 |
| 942 ## - ADDED ENTRY ELEMENTS (KOHA) |
| Source of classification or shelving scheme |
|
| Koha item type |
Book |